| 000 | 01099cam a2200217 4500500 | ||
|---|---|---|---|
| 005 | 20260322004806.0 | ||
| 041 | _afre | ||
| 042 | _adc | ||
| 100 | 1 | 0 |
_aMunier, Francis _eauthor |
| 245 | 0 | 0 | _aThe Schumpeterian Paradox or the Absence of “Schumpeter Mark II” |
| 260 | _c2013. | ||
| 500 | _a53 | ||
| 520 | _aThe Schumpeterian paradox is an interpretation of the neo-Schumpeterians, who consider that the particularity in the thought of J.-A. Schumpeter is a contradiction in the question of the relation between the size of companies and their innovative capacities. We reject this interpretation by showing a true theoretical unit. There is only a “slip” from the methodological point of view, but there, too, nuances must be brought.JEL Codes: B10 | ||
| 690 | _aentrepreneur | ||
| 690 | _aevolution | ||
| 690 | _ainnovation | ||
| 690 | _aSchumpeterian paradox | ||
| 690 | _asize of the firms | ||
| 786 | 0 | _nInnovations | o 42 | 3 | 2013-08-02 | p. 195-210 | 1267-4982 | |
| 856 | 4 | 1 | _uhttps://shs.cairn.info/journal-innovations-2013-3-page-195?lang=en&redirect-ssocas=7080 |
| 999 |
_c1743154 _d1743154 |
||